Corporate Governance in India : Principles and Policies (Record no. 96488)

MARC details
000 -LEADER
fixed length control field 00664nam a2200241Ia 4500
005 - DATE AND TIME OF LATEST TRANSACTION
control field 20250519113930.0
008 - FIXED-LENGTH DATA ELEMENTS--GENERAL INFORMATION
fixed length control field 230125s9999 xx 000 0 und d
020 ## - INTERNATIONAL STANDARD BOOK NUMBER
International Standard Book Number 978-93-87994-03-4
041 ## - LANGUAGE CODE
Language code of text/sound track or separate title eng
082 ## - DEWEY DECIMAL CLASSIFICATION NUMBER
Classification number 174.4
Item number SHI
100 ## - MAIN ENTRY--PERSONAL NAME
Author Shikha N
245 ## - TITLE STATEMENT
Title Corporate Governance in India : Principles and Policies
250 ## - EDITION STATEMENT
Edition statement 1st Ed.
260 ## - PUBLICATION, DISTRIBUTION, ETC.
Date of publication, distribution, etc. 2018
Name of publisher, distributor, etc. Cengage Learning
Place of publication, distribution, etc. Delhi
300 ## - PHYSICAL DESCRIPTION
Extent 282p
650 ## - SUBJECT ADDED ENTRY--TOPICAL TERM
Topical term or geographic name entry element Business ethics;Corporate governance
700 ## - ADDED ENTRY--PERSONAL NAME
Personal name Shikha N & Sharma G
942 ## - ADDED ENTRY ELEMENTS (KOHA)
Koha item type Books
500 ## - GENERAL NOTE
Keywords Business Ethics
500 ## - GENERAL NOTE
Keywords Corporate governance
906 ## - LOCAL DATA ELEMENT F, LDF (RLIN)
b 106.25
Holdings
Withdrawn status Lost status Damaged status Not for loan Home library Current library Date acquired Vendor Net Price Bill number Total Checkouts Full call number Barcode Date last seen Actual Price Bill Date Koha item type Original Barcode
        Smt. Hiraben Nanavati Institute of Management & Research for Women Smt. Hiraben Nanavati Institute of Management & Research for Women 08/03/2021 Forward Books 425.00 11358   174.4 SHI B20542 HIMR-BK-20542 25/01/2023 318.75 05/03/2021 Books B20542